000
00272nam a2200109Ia 4500
999
_c
8748
_d
8748
020
_a
1-86152-089-1
100
_a
Rory MacLellan
245
0
_a
Tourism In Scotland 9Tourism & Hospitality Management Series
260
_a
New york
_b
Prentice
_c
2001
300
_a
457
942
_c
BK